Ծաղիկ կամ ծաղկախտ և պատուաստ / (Record no. 8677)
[ view plain ]
| 000 -LEADER | |
|---|---|
| fixed length control field | 00632nam a2200205 a 4500 |
| 001 - CONTROL NUMBER | |
| control field | 000022526 |
| 003 - CONTROL NUMBER IDENTIFIER | |
| control field | AM-YEHGA |
| 005 - DATE AND TIME OF LATEST TRANSACTION | |
| control field | 20250618070836.0 |
| 008 - FIXED-LENGTH DATA ELEMENTS--GENERAL INFORMATION | |
| fixed length control field | 030329s1904 gs |||||||||||||||0|arm|d |
| 040 ## - CATALOGING SOURCE | |
| Original cataloging agency | AM-YeHGA |
| 041 0# - LANGUAGE CODE | |
| Language code of text/sound track or separate title | arm |
| 090 ## - LOCALLY ASSIGNED LC-TYPE CALL NUMBER (OCLC); LOCAL CALL NUMBER (RLIN) | |
| -- | 8737 |
| 100 1# - MAIN ENTRY--PERSONAL NAME | |
| Personal name | Արծրունի, Վահան Մարգարի, |
| Dates associated with a name | 1857-1947 |
| 9 (RLIN) | 2248 |
| 245 10 - TITLE STATEMENT | |
| Title | Ծաղիկ կամ ծաղկախտ և պատուաստ / |
| Statement of responsibility, etc. | Վահան Արծրունի. |
| 260 ## - PUBLICATION, DISTRIBUTION, ETC. | |
| Place of publication, distribution, etc. | Թիֆլիս : |
| Name of publisher, distributor, etc. | Հերմես , |
| Date of publication, distribution, etc. | 1904. |
| 300 ## - PHYSICAL DESCRIPTION | |
| Extent | 48 էջ |
| 650 14 - SUBJECT ADDED ENTRY--TOPICAL TERM | |
| Topical term or geographic name entry element | Բժշկություն |
| 650 14 - SUBJECT ADDED ENTRY--TOPICAL TERM | |
| Topical term or geographic name entry element | Ինֆեկցիոն հիվանդություններ |
| 942 ## - ADDED ENTRY ELEMENTS (KOHA) | |
| Source of classification or shelving scheme | Universal Decimal Classification |
| Koha item type | Գրքեր / Books |
| Withdrawn status | Lost status | Damaged status | Not for loan | Collection | Home library | Current library | Date acquired | Total checkouts | Full call number | Barcode | Date last seen | Price effective from | Koha item type | Public note |
|---|---|---|---|---|---|---|---|---|---|---|---|---|---|---|
| General | Fundamental Scientific Library | Fundamental Scientific Library | 21/12/2016 | AI/13427 | FL0052653 | 21/12/2016 | 21/12/2016 | Գրքեր / Books | 30 Days Loan |
ՀՀ Գիտությունների ազգային ակադեմիայի հիմնարար գիտական գրադարան = Fundamental Scientific Library of NAS RA
All site content, except where otherwise noted, is licensed under a